| 000 | 01248nam a22003617a 4500 | ||
|---|---|---|---|
| 003 | CHAP | ||
| 005 | 20220817042739.0 | ||
| 008 | 971013s1985 r 00010 d | ||
| 010 | _a54265 | ||
| 011 | _a55237 | ||
| 035 | _a59389 | ||
| 040 | _cCHAP | ||
| 090 | _aFolleto 10206 | ||
| 100 | 0 | 0 |
_aSánchez Valdez, Víctor M. _9107896 |
| 245 | _aPlagas de la soya y su control en las huastecas | ||
| 260 |
_aTampíco, Tamp. : _bINIA. Campo Agrícola Experimental del Sur de Tamaulipas, _c1985 |
||
| 300 | _ahoja desplegable | ||
| 490 |
_aDesplegable para productores _v; 1 |
||
| 590 |
_aBATCH-UPD _b10 _c20130110 _lUCH01 _h0545 |
||
| 590 |
_aBATCH-UPD _b10 _c20130110 _lUCH01 _h2229 |
||
| 590 |
_aBATCH-UPD _b10 _c20130410 _lUCH01 _h0226 |
||
| 590 |
_aBATCH-UPD _b10 _c20130410 _lUCH01 _h1641 |
||
| 590 |
_aBATCH-UPD _b10 _c20130914 _lUCH01 _h1834 |
||
| 590 |
_aCONVERSION _b10 _c20130109 _lUCH01 _h1329 |
||
| 650 | 1 | 4 |
_aSoya _xPlagas. _9109077 |
| 650 | 1 | 4 |
_aSoya _xTamaulipas. _9109092 |
| 700 | 0 |
_aTerán Vargas, Antonio Palemón. _9112377 |
|
| 830 | 0 |
_aDesplegable para productores _v; 1 |
|
| 901 | _aBK | ||
| 942 | _cFOLL | ||
| 949 |
_aFolleto 10206 _bBC _cFOLL _d-128394 _eTS1 _i59389 _si |
||
| 949 |
_aFolleto 10206 _bBC _cFOLL _d-128395 _eTS2 _fc.2 _i59389 _si |
||
| 999 |
_c54265 _d54265 |
||